[Event "GRE-chT 50th"]
[Site "Nikaia"]
[Date "2023.08.27"]
[Round "4.9"]
[White "Kalogridis, Themistoklis"]
[Black "Lafkidis, Apostolos"]
[Result "1/2-1/2"]
[WhiteElo "1857"]
[BlackElo "1857"]
[PlyCount "147"]
[EventDate "2023.08.25"]
[EventType "team"]
[EventRounds "9"]
[EventCountry "GRE"]
[SourceTitle "EXT 2024"]
[Source "ChessBase"]
[SourceDate "2023.10.10"]
[SourceVersion "1"]
[SourceVersionDate "2023.10.10"]
[SourceQuality "1"]
[WhiteTeam "Thessaloniki Aris"]
[BlackTeam "Peristeriou PS"]
[WhiteTeamCountry "GRE"]
[BlackTeamCountry "GRE"]

1. d4 d5 2. c4 e6 3. Nc3 Nf6 4. cxd5 exd5 5. Bg5 Be7 6. e3 c6 7. Bd3 h6 8. Bh4 0-0 9. Nge2 Re8 10. 0-0 Nbd7 11. a4 a5 12. f3 c5 13. Nb5 Nh5 14. Bxe7 Rxe7 15. Qd2 Nhf6 16. Rac1 b6 17. Nf4 Ba6 18. Nc3 Bb7 19. Rfd1 cxd4 20. exd4 Rc8 21. Nb5 Nf8 22. Rxc8 Qxc8 23. Re1 Qd8 24. Rxe7 Qxe7 25. Kf1 Ba6 26. Qe1 Qxe1+ 27. Kxe1 Bxb5 28. Bxb5 Ne6 29. Nxe6 fxe6 30. Ke2 Kf8 31. Ke3 Ke7 32. Kf4 g5+ 33. Ke5 Nh7 34. f4 Nf6 35. h3 gxf4 36. Kxf4 Ne4 37. g4 Kf6 38. h4 Nd6 39. g5+ hxg5+ 40. hxg5+ Ke7 41. Bd3 Nb7 42. Kg4 Kf7 43. Kh5 Kg7 44. Kg4 Kf7 45. Kh5 Kg7 46. Bb5 Nd6 47. Bd7 Nc4 48. b3 Nd2 49. Bxe6 Nxb3 50. Bxd5 Nxd4 51. Bc4 Nf3 52. Bd3 Ne5 53. Bc2 Nc4 54. Bd3 Ne5 55. Be2 Kh7 56. Bb5 Kg7 57. Be2 Kh7 58. Bd1 Nc4 59. Bc2+ Kg7 60. Kh4 Ne3 61. Be4 Nc4 62. Kg3 Nd6 63. Bd3 Nb7 64. Kf4 Nc5 65. Bc2 Ne6+ 66. Kg4 Nd4 67. Bd3 Nc6 68. Kf4 Nd4 69. Ke5 Nf3+ 70. Kd6 Nxg5 71. Kc6 Kf8 72. Kxb6 Ne6 73. Bc4 Ke7 74. Bd3 1/2-1/2

[Event "GRE-ch U14"]
[Site "Peristeri"]
[Date "2023.07.06"]
[Round "5"]
[White "Lafkidis, Apostolos"]
[Black "Mylonakis, Ioannis Georg"]
[Result "1-0"]
[WhiteElo "1759"]
[BlackElo "1875"]
[PlyCount "130"]
[EventDate "2023.07.03"]
[EventType "swiss"]
[EventRounds "9"]
[EventCountry "GRE"]
[SourceTitle "EXT 2024"]
[Source "ChessBase"]
[SourceDate "2023.10.10"]
[SourceVersion "1"]
[SourceVersionDate "2023.10.10"]
[SourceQuality "1"]

1. e4 c6 2. d4 d5 3. Nc3 dxe4 4. Nxe4 Nf6 5. Nxf6+ exf6 6. c3 Bd6 7. Bd3 0-0 8. Ne2 Re8 9. 0-0 Be6 10. Ng3 g6 11. f4 f5 12. b3 Nd7 13. c4 Qf6 14. Bb2 c5 15. Qd2 cxd4 16. Be2 Rad8 17. b4 Nb8 18. c5 Bf8 19. Rfd1 Bg7 20. Bb5 Re7 21. Ne2 a6 22. Ba4 Bc4 23. Nxd4 Re4 24. Kh1 Rdxd4 25. Bxd4 Rxd4 26. Qxd4 Qxd4 27. Rxd4 Bxd4 28. Rd1 Bf6 29. Rd6 Kg7 30. Rb6 Bd5 31. Bd1 Bc6 32. Bf3 Bd8 33. Bxc6 Bxb6 34. Bxb7 Ba7 35. Kg1 a5 36. a3 Kf6 37. Kf1 Ke6 38. Ke2 axb4 39. axb4 Nd7 40. Bc8 Ke7 41. Bxd7 Kxd7 42. Kd3 Bb8 43. g3 f6 44. b5 g5 45. fxg5 fxg5 46. Kd4 f4 47. gxf4 Bxf4 48. h3 h6 49. Kd5 Kc7 50. Ke6 Be3 51. c6 Kb6 52. Kf5 h5 53. Ke4 Bc5 54. Kf5 Be7 55. Ke6 Bd8 56. Kf5 Be7 57. Ke6 g4 58. hxg4 h4 59. Kd7 h3 60. c7 h2 61. c8Q h1Q 62. Qc6+ Qxc6+ 63. bxc6 Bd8 64. Kxd8 Kxc6 65. Ke7 Kd5 1-0

[Event "Athens Iraklion op 25th"]
[Site "Athens"]
[Date "2023.06.21"]
[Round "5"]
[White "Koukas, Anastasios"]
[Black "Lafkidis, Apostolos"]
[Result "1/2-1/2"]
[WhiteElo "2003"]
[BlackElo "1744"]
[PlyCount "90"]
[EventDate "2023.06.17"]
[EventType "swiss"]
[EventRounds "9"]
[EventCountry "GRE"]
[SourceTitle "CBM 214 Extra"]
[Source "ChessBase"]
[SourceDate "2023.07.31"]
[SourceVersion "1"]
[SourceVersionDate "2023.07.31"]
[SourceQuality "1"]

1. e4 c5 2. Nc3 Nc6 3. Bb5 Nd4 4. Nf3 a6 5. Bc4 e6 6. a4 Ne7 7. Nxd4 cxd4 8. Ne2 d5 9. exd5 Nxd5 10. d3 e5 11. 0-0 Be6 12. Ng3 Be7 13. Qe2 Qd6 14. Re1 Bf6 15. Ne4 Qe7 16. Bxd5 Bxd5 17. b3 Qc7 18. Ba3 0-0-0 19. Rac1 Bxe4 20. Qxe4 Qc6 21. Qxc6+ bxc6 22. Re2 Rhe8 23. Rce1 Kd7 24. g3 Re6 25. Kg2 Rde8 26. Re4 Be7 27. Bxe7 R8xe7 28. f4 f6 29. fxe5 fxe5 30. Rf1 Rf6 31. Rxf6 gxf6 32. g4 Ke6 33. Kf3 Rg7 34. Re2 f5 35. h3 h6 36. Rg2 Kf6 37. gxf5 Rxg2 38. Kxg2 Kxf5 39. Kf3 h5 40. b4 Kf6 41. Kg3 Kg5 42. Kf3 Kf6 43. Kg3 Kg5 44. h4+ Kf5 45. Kf3 Kf6 1/2-1/2

[Event "Nikaia op 29th"]
[Site "Nikaia"]
[Date "2022.09.01"]
[Round "1"]
[White "Lafkidis, Apostolos"]
[Black "Chatzieleftheriou, Andreas"]
[Result "0-1"]
[WhiteElo "1658"]
[BlackElo "2131"]
[PlyCount "132"]
[EventDate "2022.09.01"]
[EventType "swiss"]
[EventRounds "9"]
[EventCountry "GRE"]
[SourceTitle "CBM 210 Extra"]
[Source "ChessBase"]
[SourceDate "2022.11.30"]
[SourceVersion "1"]
[SourceVersionDate "2022.11.30"]
[SourceQuality "1"]

1. e4 e6 2. d4 d5 3. Nd2 a6 4. c3 c5 5. exd5 exd5 6. Ngf3 Nc6 7. dxc5 Bxc5 8. Nb3 Bb6 9. Be2 Nf6 10. 0-0 0-0 11. Bg5 Re8 12. Nfd4 h6 13. Bxf6 Qxf6 14. Bf3 Be6 15. Re1 Ne5 16. Be2 Rad8 17. Qc2 Bd7 18. Rad1 g6 19. Bf1 Ba4 20. Qc1 Kg7 21. h3 Nc4 22. Rxe8 Rxe8 23. Rd3 Re7 24. Nd2 Nd6 25. N2f3 Bd7 26. Re3 Ne4 27. Qe1 Qd6 28. Nd2 Bc7 29. g3 f5 30. f3 Qxg3+ 31. Qxg3 Bxg3 32. fxe4 Bf4 33. Rf3 Bxd2 34. exd5 Be3+ 35. Kg2 Bxd4 36. cxd4 Be8 37. Bc4 Bf7 38. a4 Re4 39. Rd3 Kf6 40. b4 Re7 41. Rb3 Rd7 42. b5 a5 43. Kf2 Rc7 44. Bd3 Bxd5 45. b6 Rd7 46. Rb5 Bc6 47. Rxa5 Rxd4 48. Bb5 Bxb5 49. Rxb5 Rxa4 50. Rb3 Re4 51. Rb1 Kg5 52. Kf3 Kh4 53. Kg2 Rc4 54. Rb2 g5 55. Rd2 Rc6 56. Rb2 f4 57. Rb3 Rc2+ 58. Kg1 h5 59. Kf1 g4 60. hxg4 hxg4 61. Rd3 Rb2 62. Rd6 Kg3 63. Rf6 f3 64. Ke1 Rb1+ 65. Kd2 f2 66. Ke2 Re1+ 0-1

[Event "GRE-chT 49th"]
[Site "Thessaloniki"]
[Date "2022.08.13"]
[Round "2.4"]
[White "Lafkidis, Apostolos"]
[Black "Moustakas, Vasileios D"]
[Result "1-0"]
[WhiteElo "1658"]
[BlackElo "1065"]
[PlyCount "119"]
[EventDate "2022.08.12"]
[EventType "team-swiss"]
[EventRounds "7"]
[EventCountry "GRE"]
[SourceTitle "CBM 209 Extra"]
[Source "ChessBase"]
[SourceDate "2022.09.30"]
[SourceVersion "1"]
[SourceVersionDate "2022.09.30"]
[SourceQuality "1"]
[WhiteTeam "Erakleioe"]
[BlackTeam "Poleyeroe Aso"]
[WhiteTeamCountry "GRE"]
[BlackTeamCountry "GRE"]

1. e4 e5 2. Nf3 Nc6 3. d4 exd4 4. Nxd4 Nf6 5. Nc3 Bb4 6. Nxc6 bxc6 7. Bd3 d5 8. exd5 cxd5 9. 0-0 0-0 10. Bg5 c6 11. Qf3 h6 12. Bxf6 Qxf6 13. Qxf6 gxf6 14. Ne2 Bd6 15. Rae1 Rb8 16. b3 Re8 17. Nd4 Bd7 18. Bf5 Bxf5 19. Nxf5 Bf8 20. g3 Kh7 21. Kg2 Kg6 22. Nh4+ Kh7 23. Nf5 Kg6 24. Nd4 Rxe1 25. Rxe1 Rc8 26. Nf3 c5 27. Nh4+ Kh7 28. Nf5 Rc7 29. Re8 Kg6 30. g4 h5 31. Rxf8 hxg4 32. Ne3 d4 33. Nxg4 Kg7 34. Re8 c4 35. Re2 cxb3 36. cxb3 Kg6 37. Rd2 Rd7 38. Kf3 Kg5 39. h3 d3 40. Ne3 Kh4 41. Ke4 Kxh3 42. Rxd3 Rxd3 43. Kxd3 Kh4 44. Ke4 Kg5 45. b4 a6 46. a4 f5+ 47. Nxf5 Kf6 48. b5 axb5 49. axb5 Ke6 50. b6 Kd7 51. Kd5 f6 52. f4 Ke8 53. b7 Kf7 54. b8Q Kg6 55. Ke6 Kh5 56. Ne3 f5 57. Kxf5 Kh4 58. Qg8 Kh3 59. Qg2+ Kh4 60. Qg4# 1-0

[Event "GRE-ch U12"]
[Site "Patras"]
[Date "2021.08.30"]
[Round "1"]
[White "Kalaitzakis, Emmanouil"]
[Black "Lafkidis, Apostolos"]
[Result "0-1"]
[WhiteElo "1160"]
[BlackElo "1463"]
[PlyCount "106"]
[EventDate "2021.08.30"]
[EventType "swiss"]
[EventRounds "9"]
[EventCountry "GRE"]
[SourceTitle "EXT 2022"]
[Source "ChessBase"]
[SourceDate "2021.10.06"]
[SourceVersion "1"]
[SourceVersionDate "2021.10.06"]
[SourceQuality "1"]

1. e4 c5 2. b3 Nc6 3. Bb2 d6 4. Bb5 Bd7 5. f4 Nf6 6. d3 a6 7. Bxc6 Bxc6 8. Qe2 e6 9. Nf3 Be7 10. Nbd2 Qc7 11. 0-0-0 0-0-0 12. Rhg1 Rhg8 13. g4 Nd7 14. h4 f6 15. g5 Rdf8 16. gxf6 gxf6 17. d4 Nb6 18. c4 Be8 19. d5 e5 20. fxe5 fxe5 21. Ng5 Bxg5 22. Rxg5 Rxg5 23. hxg5 Qg7 24. Rg1 Nd7 25. Qg4 Rf4 26. Qe6 Qg6 27. Qe7 Kc7 28. Kc2 Qf7 29. Qxf7 Bxf7 30. Rf1 Rxf1 31. Nxf1 Nf8 32. Ng3 b5 33. Nf5 bxc4 34. bxc4 Bh5 35. Bc3 Ng6 36. Ba5+ Kd7 37. Ng7 Bf3 38. Kd3 Nf4+ 39. Ke3 Bg4 40. Nf5 Be2 41. a3 Bxc4 42. Bc3 Nh3 43. Nh6 Bb3 44. Kd2 Nxg5 45. Kd3 Ba2 46. Ng8 Bb1+ 47. Ke3 Nxe4 48. Bb2 c4 49. Bc1 c3 50. Nh6 Nc5 51. Ng4 Nb3 52. Bb2 cxb2 53. Nf2 Bc2 0-1

[Event "EU-ch Amateur Online Final 2000/2300"]
[Site "Tornelo INT"]
[Date "2021.04.28"]
[Round "3"]
[White "Babula, Vlastimil1111"]
[Black "Lafkidis, Apostolos"]
[Result "1-0"]
[WhiteElo "2049"]
[BlackElo "1483"]
[PlyCount "121"]
[EventDate "2021.04.28"]
[EventType "swiss (rapid)"]
[EventRounds "9"]
[EventCountry "NET"]
[SourceTitle "EXT 2023"]
[Source "ChessBase"]
[SourceDate "2022.10.05"]
[SourceVersion "1"]
[SourceVersionDate "2022.10.05"]
[SourceQuality "1"]

1. e4 c5 2. Nf3 d6 3. d4 cxd4 4. Nxd4 Nf6 5. Nc3 g6 6. Be3 Bg7 7. Bc4 0-0 8. f3 Nc6 9. Qd2 Bd7 10. 0-0-0 Rb8 11. Kb1 b5 12. Bb3 Ne5 13. Bh6 Nc4 14. Qc1 a5 15. h4 a4 16. Bxc4 bxc4 17. Bxg7 Kxg7 18. h5 Qa5 19. Nd5 Nxd5 20. exd5 Rh8 21. h6+ Kf8 22. Rhe1 f6 23. Qe3 Qd8 24. Ne6+ Bxe6 25. Qxe6 Rb7 26. Ka1 Qd7 27. Qxd7 Rxd7 28. Re4 Rc7 29. c3 Kf7 30. Rdd4 Rhc8 31. f4 Rc5 32. a3 R5c7 33. Kb1 Rc5 34. Kc1 R8c7 35. g3 f5 36. Re2 Rb7 37. Red2 Rbb5 38. Kd1 Kf6 39. Ke2 g5 40. fxg5+ Kxg5 41. Kf3 Kxh6 42. Rh2+ Kg6 43. Rdh4 Rxd5 44. Rxc4 Rd3+ 45. Ke2 Rxg3 46. Kd1 Rd5+ 47. Ke1 h5 48. Rxa4 e5 49. Rah4 Rg5 50. a4 f4 51. b4 Rd3 52. R2h3 Rxh3 53. Rxh3 Rg3 54. Rxg3+ fxg3 55. Kf1 e4 56. a5 e3 57. a6 h4 58. a7 h3 59. a8Q g2+ 60. Kg1 e2 61. Qe4+ 1-0

[Event "EU-ch Amateur Online Final 2000/2300"]
[Site "Tornelo INT"]
[Date "2021.04.28"]
[Round "5"]
[White "Smolik, Jachym"]
[Black "Lafkidis, Apostolos"]
[Result "1-0"]
[WhiteElo "2073"]
[BlackElo "1483"]
[PlyCount "103"]
[EventDate "2021.04.28"]
[EventType "swiss (rapid)"]
[EventRounds "9"]
[EventCountry "NET"]
[SourceTitle "EXT 2023"]
[Source "ChessBase"]
[SourceDate "2022.10.05"]
[SourceVersion "1"]
[SourceVersionDate "2022.10.05"]
[SourceQuality "1"]

1. d4 d5 2. Nf3 Nf6 3. c4 e6 4. Nc3 Be7 5. Bf4 0-0 6. e3 b6 7. Be2 dxc4 8. Bxc4 Bb7 9. 0-0 Nbd7 10. Qe2 c5 11. Rfd1 Qc8 12. Nb5 Nh5 13. Bd6 Bxd6 14. Nxd6 Qc7 15. Nxb7 Qxb7 16. d5 e5 17. Bb5 Rad8 18. Bxd7 Qxd7 19. Nxe5 Qf5 20. Nc6 Rd7 21. e4 Qg5 22. Qf3 Rd6 23. g3 Rf6 24. Qg2 Qh6 25. Ne7+ Kh8 26. Nf5 Qg6 27. f4 b5 28. d6 c4 29. Ne7 Qh6 30. e5 Re6 31. Kh1 f6 32. d7 Rd8 33. Nc6 Rxc6 34. Qxc6 fxe5 35. Qxh6 gxh6 36. fxe5 Ng7 37. Rd6 Kg8 38. e6 Kf8 39. Rf1+ Ke7 40. Ra6 Nxe6 41. Re1 Rxd7 42. Raxe6+ Kf7 43. Rxh6 Kg7 44. Rh5 a6 45. Re6 Ra7 46. Rhh6 a5 47. Ra6 Rc7 48. Rhb6 b4 49. Rxa5 c3 50. bxc3 bxc3 51. Rb1 c2 52. Rc1 1-0

[Event "EU-ch Amateur Online Final 2000/2300"]
[Site "Tornelo INT"]
[Date "2021.04.28"]
[Round "9"]
[White "Spyratos, Nikolaos"]
[Black "Lafkidis, Apostolos"]
[Result "1/2-1/2"]
[WhiteElo "2030"]
[BlackElo "1483"]
[PlyCount "87"]
[EventDate "2021.04.28"]
[EventType "swiss (rapid)"]
[EventRounds "9"]
[EventCountry "NET"]
[SourceTitle "EXT 2023"]
[Source "ChessBase"]
[SourceDate "2022.10.05"]
[SourceVersion "1"]
[SourceVersionDate "2022.10.05"]
[SourceQuality "1"]

1. d4 d5 2. c4 e6 3. Nf3 Nf6 4. g3 Be7 5. Bg2 0-0 6. 0-0 c6 7. Qc2 b6 8. Nbd2 Bb7 9. e4 dxe4 10. Nxe4 Nbd7 11. Rd1 Nxe4 12. Qxe4 Nf6 13. Qe2 Qc7 14. Bf4 Bd6 15. Ne5 Nd7 16. Rac1 Nxe5 17. dxe5 Be7 18. Qg4 Kh8 19. Qf3 Rfd8 20. h4 Rab8 21. h5 c5 22. Rxd8+ Bxd8 23. Qe3 Bxg2 24. Kxg2 Be7 25. h6 g6 26. Bg5 Qd8 27. Bxe7 Qxe7 28. Rd1 Kg8 29. Rd6 Kf8 30. Qd2 Ke8 31. Qc2 Qb7+ 32. f3 Rd8 33. Qd3 Rxd6 34. Qxd6 Qd7 35. Qb8+ Ke7 36. Kh3 Qd2 37. Qxa7+ Ke8 38. Qb8+ Ke7 39. Qd6+ Qxd6 40. exd6+ Kxd6 41. f4 e5 42. Kg4 f5+ 43. Kf3 e4+ 44. Ke3 1/2-1/2

[Event "EU-ch Amateur Online Final 1700/2000"]
[Site "Tornelo INT"]
[Date "2021.04.25"]
[Round "5"]
[White "Lafkidis, Apostolos"]
[Black "Briem, Benedikt"]
[Result "0-1"]
[WhiteElo "1483"]
[BlackElo "1903"]
[PlyCount "164"]
[EventDate "2021.04.25"]
[EventType "swiss (rapid)"]
[EventRounds "9"]
[EventCountry "NET"]
[SourceTitle "EXT 2023"]
[Source "ChessBase"]
[SourceDate "2022.10.05"]
[SourceVersion "1"]
[SourceVersionDate "2022.10.05"]
[SourceQuality "1"]

1. e4 c5 2. Nf3 Nc6 3. c4 d6 4. d4 cxd4 5. Nxd4 Nf6 6. Nc3 h5 7. Be2 g6 8. Be3 Ng4 9. Bxg4 Bxg4 10. f3 Bd7 11. 0-0 Bg7 12. Qd2 0-0 13. Rac1 Rc8 14. b3 Qa5 15. Rfd1 Rfd8 16. Nxc6 bxc6 17. Bd4 e5 18. Be3 Be6 19. Qf2 Rd7 20. Rd3 f5 21. Rcd1 Rcd8 22. Qd2 f4 23. Bf2 g5 24. Kh1 Kf7 25. Qe2 Bf6 26. Be1 Qc5 27. Bf2 Qa5 28. Be1 Qc7 29. R1d2 Be7 30. Rc2 Qb7 31. Rcd2 Rh8 32. Qf1 Qb8 33. Qe2 Bf6 34. Qd1 Ke7 35. c5 Rhd8 36. cxd6+ Rxd6 37. Rxd6 Rxd6 38. Rxd6 Qxd6 39. Qxd6+ Kxd6 40. Bf2 a6 41. Na4 Bd8 42. Kg1 Ba5 43. Bc5+ Kd7 44. b4 Bd8 45. a3 Bb3 46. Nc3 a5 47. Kf2 axb4 48. axb4 Be7 49. Bxe7 Kxe7 50. g3 Kd6 51. gxf4 exf4 52. Ke2 Bc4+ 53. Kd2 g4 54. fxg4 hxg4 55. Nd1 Ke5 56. Nf2 g3 57. hxg3 fxg3 58. Nh3 Bf1 59. Ng1 Kxe4 60. Ke1 g2 61. Kd2 Kd4 62. Kc2 Kc4 63. Kd2 Kxb4 64. Kc2 c5 65. Kd2 c4 66. Kc2 c3 67. Nf3 Be2 68. Ng1 Bc4 69. Nf3 Bd5 70. Ng1 Kc4 71. Nh3 Kd4 72. Ng1 Be4+ 73. Kd1 c2+ 74. Kd2 Ke5 75. Ne2 Kf5 76. Ng1 Kg4 77. Kc1 Bd3 78. Kd2 Be4 79. Kc1 Kg3 80. Kd2 Bf5 81. Ne2+ Kf2 82. Nf4 g1Q 0-1

[Event "EU-ch Amateur Online 1700/2000"]
[Site "Tornelo INT"]
[Date "2021.04.24"]
[Round "5"]
[White "Briem, Benedikt"]
[Black "Lafkidis, Apostolos"]
[Result "0-1"]
[WhiteElo "1903"]
[BlackElo "1483"]
[PlyCount "100"]
[EventDate "2021.04.24"]
[EventType "swiss (rapid)"]
[EventRounds "8"]
[EventCountry "NET"]
[SourceTitle "EXT 2023"]
[Source "ChessBase"]
[SourceDate "2022.10.05"]
[SourceVersion "1"]
[SourceVersionDate "2022.10.05"]
[SourceQuality "1"]

1. d4 d5 2. c4 e6 3. Nf3 Nf6 4. Nc3 Be7 5. Bf4 0-0 6. e3 b6 7. cxd5 Nxd5 8. Nxd5 exd5 9. Bd3 c5 10. 0-0 c4 11. Bc2 Bb7 12. Re1 Nd7 13. e4 dxe4 14. Bxe4 Bxe4 15. Rxe4 Nf6 16. Re1 Bd6 17. Be5 Bxe5 18. dxe5 Nd5 19. Qd4 Rc8 20. Rac1 Nb4 21. Qc3 Nxa2 22. Qa3 Nxc1 23. Rxc1 Qc7 24. h3 Rfd8 25. Qe3 Qc5 26. Qf4 b5 27. Ng5 Qe7 28. Re1 h6 29. Ne4 Rc6 30. Nd6 Rcxd6 31. Re3 Rd1+ 32. Kh2 R1d3 33. Re4 Re8 34. Qf5 Rd5 35. f4 Qe6 36. Qh5 Qe7 37. Re3 a5 38. Rg3 Kh7 39. Qg4 Rg8 40. h4 Rd3 41. Rxd3 cxd3 42. Qf5+ g6 43. Qxd3 Qxh4+ 44. Kg1 Rd8 45. Qb3 Qxf4 46. Kh1 a4 47. Qc2 Qxe5 48. Kg1 Qd4+ 49. Kh2 Qd6+ 50. Kh3 Qd3+ 0-1

[Event "EU-ch Amateur Online 1700/2000"]
[Site "Tornelo INT"]
[Date "2021.04.24"]
[Round "4"]
[White "Lafkidis, Apostolos"]
[Black "Dristellas, Neoklis"]
[Result "1/2-1/2"]
[WhiteElo "1483"]
[BlackElo "1893"]
[PlyCount "98"]
[EventDate "2021.04.24"]
[EventType "swiss (rapid)"]
[EventRounds "8"]
[EventCountry "NET"]
[SourceTitle "EXT 2023"]
[Source "ChessBase"]
[SourceDate "2022.10.05"]
[SourceVersion "1"]
[SourceVersionDate "2022.10.05"]
[SourceQuality "1"]

1. e4 e5 2. Nf3 Nc6 3. d4 exd4 4. Nxd4 Nf6 5. Nc3 Bb4 6. Nxc6 bxc6 7. Bd3 0-0 8. 0-0 h6 9. Bd2 d5 10. exd5 cxd5 11. h3 Bb7 12. Ne2 Bd6 13. Bf4 c5 14. Bxd6 Qxd6 15. c3 Rad8 16. Ng3 d4 17. cxd4 Qd5 18. Qf3 Qxf3 19. gxf3 Bxf3 20. Be2 Bxe2 21. Nxe2 cxd4 22. Rad1 d3 23. Nc1 d2 24. Nb3 Rd3 25. f3 Rfd8 26. Rf2 Nh5 27. Rfxd2 Nf4 28. Rxd3 Rxd3 29. Rxd3 Nxd3 30. Nd4 Nxb2 31. Nc6 a6 32. Nb4 a5 33. Nc6 Nc4 34. Kf2 Kf8 35. Ke2 a4 36. Kd3 Nb6 37. Kd4 Ke8 38. Kc5 Nc8 39. Kb5 Kd7 40. Nb8+ Ke6 41. Kxa4 Kf5 42. Kb5 Kf4 43. a4 Kxf3 44. a5 Ke4 45. Kc6 f5 46. Kb7 Nd6+ 47. Kc6 Nc8 48. Kb7 Nd6+ 49. Kc6 Nc8 1/2-1/2

[Event "EU-ch Amateur Online 1700/2000"]
[Site "Tornelo INT"]
[Date "2021.04.24"]
[Round "8"]
[White "Lafkidis, Apostolos"]
[Black "Keller, Rostislav"]
[Result "0-1"]
[WhiteElo "1483"]
[BlackElo "1895"]
[PlyCount "76"]
[EventDate "2021.04.24"]
[EventType "swiss (rapid)"]
[EventRounds "8"]
[EventCountry "NET"]
[SourceTitle "EXT 2023"]
[Source "ChessBase"]
[SourceDate "2022.10.05"]
[SourceVersion "1"]
[SourceVersionDate "2022.10.05"]
[SourceQuality "1"]

1. e4 c5 2. Nf3 d6 3. d4 cxd4 4. Nxd4 Nf6 5. f3 a6 6. c4 e6 7. Nc3 Be7 8. Be3 0-0 9. Be2 Qc7 10. 0-0 b6 11. Rc1 Bb7 12. Qd2 Nbd7 13. b3 Rac8 14. Rfd1 Qb8 15. Bf1 Rfe8 16. Qf2 Bd8 17. a3 Bc7 18. g3 Qa8 19. Bg2 Ne5 20. Nde2 d5 21. cxd5 exd5 22. exd5 Neg4 23. fxg4 Nxg4 24. Qf3 Nxe3 25. Rd3 Nxg2 26. Qxg2 Bd6 27. b4 a5 28. Ne4 Rxc1+ 29. Nxc1 Bb8 30. Ne2 axb4 31. axb4 Qa1+ 32. Kf2 Qe5 33. N2c3 f5 34. Ng5 Qe1+ 35. Kf3 h6 36. Nh3 g5 37. Qd2 Qf1+ 38. Nf2 g4# 0-1

[Event "EU-ch Amateur Online Final 1400/1700"]
[Site "Tornelo INT"]
[Date "2021.04.18"]
[Round "6"]
[White "Savicevs, Arsenijs"]
[Black "Lafkidis, Apostolos"]
[Result "1/2-1/2"]
[WhiteElo "1689"]
[BlackElo "1483"]
[PlyCount "60"]
[EventDate "2021.04.18"]
[EventType "swiss (rapid)"]
[EventRounds "9"]
[EventCountry "NET"]
[SourceTitle "EXT 2023"]
[Source "ChessBase"]
[SourceDate "2022.10.05"]
[SourceVersion "1"]
[SourceVersionDate "2022.10.05"]
[SourceQuality "1"]

1. e4 c5 2. Nf3 d6 3. d4 cxd4 4. Nxd4 Nf6 5. f3 e5 6. Nb3 d5 7. Bg5 Be6 8. Nc3 d4 9. Ne2 Nc6 10. Ng3 Bb4+ 11. Bd2 Bxd2+ 12. Qxd2 Qe7 13. Bd3 0-0 14. 0-0 Bxb3 15. axb3 Qb4 16. Qg5 h6 17. Qh4 Ne7 18. f4 Ng6 19. Qh3 Nxf4 20. Qh4 Kh7 21. Rxf4 g5 22. Qh3 gxf4 23. Nf5 h5 24. Qh4 Qb6 25. Qg5 Ne8 26. Qxh5+ Kg8 27. Ne7+ Kg7 28. Nf5+ Kg8 29. Qg5+ Kh7 30. Qh5+ Kg8 1/2-1/2

[Event "EU-ch Amateur Online 1400/1700"]
[Site "Tornelo INT"]
[Date "2021.04.17"]
[Round "5"]
[White "Karimli, Yusif"]
[Black "Lafkidis, Apostolos"]
[Result "1-0"]
[WhiteElo "1571"]
[BlackElo "1483"]
[PlyCount "87"]
[EventDate "2021.04.17"]
[EventType "swiss (rapid)"]
[EventRounds "8"]
[EventCountry "NET"]
[SourceTitle "EXT 2023"]
[Source "ChessBase"]
[SourceDate "2022.10.05"]
[SourceVersion "1"]
[SourceVersionDate "2022.10.05"]
[SourceQuality "1"]

1. d4 d5 2. Nf3 Nf6 3. g3 e6 4. Bg2 Be7 5. 0-0 0-0 6. c4 c6 7. Nc3 b6 8. Ne5 Bb7 9. e4 dxe4 10. Nxe4 Nxe4 11. Bxe4 Bf6 12. Bf4 Bxe5 13. Bxe5 Nd7 14. Bd6 Re8 15. c5 Nf6 16. Bc2 Qd7 17. Qf3 Ba6 18. Rfe1 Bc4 19. Qf4 Bd5 20. Be5 Qe7 21. Qh4 h6 22. b4 Nd7 23. Qxe7 Rxe7 24. Bd6 Ree8 25. a4 f5 26. b5 Rec8 27. Bd3 bxc5 28. dxc5 cxb5 29. Rec1 bxa4 30. Ba6 Re8 31. c6 Nb6 32. c7 Kf7 33. f4 g5 34. Kf2 gxf4 35. gxf4 Rg8 36. Bc5 Nc8 37. Ke3 Ke8 38. Rxa4 Kd7 39. Bb5+ Bc6 40. Rd4+ Kxc7 41. Ba3 Kb6 42. Bxc6 Rb8 43. Rb4+ Kc7 44. Bf3+ 1-0

[Event "GRE-chT Online Rapid op 1st"]
[Site "Tornelo INT"]
[Date "2021.02.21"]
[Round "6.19"]
[White "Boufidis, Konstantinos"]
[Black "Lafkidis, Apostolos"]
[Result "1-0"]
[WhiteElo "1030"]
[BlackElo "1483"]
[PlyCount "93"]
[EventDate "2021.02.20"]
[EventType "team-swiss (rapid)"]
[EventRounds "9"]
[EventCountry "GRE"]
[SourceTitle "EXT 2023"]
[Source "ChessBase"]
[SourceDate "2022.10.05"]
[SourceVersion "1"]
[SourceVersionDate "2022.10.05"]
[SourceQuality "1"]

1. e4 c5 2. Nc3 Nc6 3. f4 d6 4. Nf3 g6 5. Bc4 Bg7 6. 0-0 e6 7. d3 Nge7 8. Qe1 Nd4 9. Nxd4 cxd4 10. Ne2 0-0 11. Ng3 d5 12. Bb3 dxe4 13. dxe4 Bd7 14. Kh1 Rc8 15. e5 Bc6 16. Ne4 Bxe4 17. Qxe4 Qb6 18. Bd2 Rcd8 19. Rad1 Nc6 20. g4 Qc5 21. Rf3 Rd7 22. h4 Qe7 23. Rh3 Nd8 24. a3 Nc6 25. Bc4 Qc5 26. Bd3 Qd5 27. h5 Qxe4+ 28. Bxe4 Bh8 29. g5 Re8 30. h6 Ne7 31. Bc3 Red8 32. Rhd3 Nc6 33. Bxc6 bxc6 34. Rxd4 Rd5 35. Rxd5 exd5 36. Bb4 f5 37. exf6 Kf7 38. Re1 Re8 39. Rxe8 Kxe8 40. Kg2 Kf7 41. Kf3 Bxf6 42. gxf6 Kxf6 43. Bc5 a6 44. Kg4 Ke6 45. Kg5 Kf7 46. f5 gxf5 47. Kxf5 1-0

[Event "GRE-chT Online Rapid op 1st"]
[Site "Tornelo INT"]
[Date "2021.02.21"]
[Round "7.19"]
[White "Lafkidis, Apostolos"]
[Black "Benakis, Ioannis"]
[Result "1-0"]
[WhiteElo "1483"]
[BlackElo "1193"]
[PlyCount "63"]
[EventDate "2021.02.20"]
[EventType "team-swiss (rapid)"]
[EventRounds "9"]
[EventCountry "GRE"]
[SourceTitle "EXT 2023"]
[Source "ChessBase"]
[SourceDate "2022.10.05"]
[SourceVersion "1"]
[SourceVersionDate "2022.10.05"]
[SourceQuality "1"]

1. e4 e5 2. Nf3 Nc6 3. d4 exd4 4. Nxd4 Nxd4 5. Qxd4 Nf6 6. e5 Ng8 7. Bc4 c6 8. 0-0 d5 9. exd6 Qxd6 10. Re1+ Be6 11. Qxd6 Bxd6 12. Bxe6 fxe6 13. Rxe6+ Kd7 14. Re1 Nf6 15. Nc3 Rag8 16. Bg5 h6 17. Bxf6 gxf6 18. Rad1 h5 19. Ne4 Kc7 20. Nxd6 Rg7 21. Ne8+ Kb6 22. Nxg7 h4 23. Ne6 h3 24. Re4 hxg2 25. Rd3 f5 26. Rb3+ Ka5 27. Re5+ b5 28. Kxg2 Rg8+ 29. Kf3 Rg4 30. Rxf5 Rc4 31. Rc5 Rb4 32. Rxb4 1-0

[Event "GRE-chT Online Rapid op 1st"]
[Site "Tornelo INT"]
[Date "2021.02.21"]
[Round "8.10"]
[White "Mihtis, Theodoros"]
[Black "Lafkidis, Apostolos"]
[Result "1-0"]
[WhiteElo "1690"]
[BlackElo "1483"]
[PlyCount "75"]
[EventDate "2021.02.20"]
[EventType "team-swiss (rapid)"]
[EventRounds "9"]
[EventCountry "GRE"]
[SourceTitle "EXT 2023"]
[Source "ChessBase"]
[SourceDate "2022.10.05"]
[SourceVersion "1"]
[SourceVersionDate "2022.10.05"]
[SourceQuality "1"]

1. Nf3 d5 2. c4 e6 3. g3 Nf6 4. Bg2 Be7 5. 0-0 0-0 6. b3 c6 7. Bb2 b6 8. d3 Bb7 9. Nbd2 Nbd7 10. Re1 Rc8 11. e4 dxe4 12. dxe4 Nc5 13. e5 Ne8 14. Bc3 Nc7 15. Qe2 Nd7 16. Ne4 c5 17. Rad1 Bxe4 18. Qxe4 Qe8 19. Qg4 g6 20. Nd2 f5 21. exf6 Bxf6 22. Bxf6 Nxf6 23. Qe2 Qf7 24. Nf3 Rce8 25. Ne5 Qg7 26. Rd6 Rd8 27. Red1 Rxd6 28. Rxd6 Re8 29. Bc6 Rf8 30. h3 Nfe8 31. Rd7 Qf6 32. Qe3 a5 33. Kg2 Na6 34. Ng4 Qb2 35. Qxe6+ Kh8 36. Rf7 Rg8 37. Bxe8 Qd4 38. Nf6 1-0